00742nam a2200217Ia 4500003000400000005001700004008004100021020002900062040001700091082001600108100002400124245012500148260003600273300001300309650002500322650001400347653001700361942000900378952012200387999001500509IIN20240205153523.0231217s9999 xx 000 0 und d cRs.700.00a9788119115167 aIINbEnglish a610.73bGAN1 aGanesan, Mahesvari  2aA Textbook of Nursing Foundation (Including first aid module) :bfor B.Sc Nursing 1st sem /cMahesvari Ganesan...[et al] aPune :bNirali Prakashan,c2023 a14.126p.1 aFoundationvNursing 1 aFirst aid aFundamentals cBOOK 001040708Gift BookaIINbIINd2023-12-17g700.00l0o610.73/GANpD18r2023-12-17 21:32:41tVol.1w2023-12-17yBOOK c1644d1644